Images - Comment se nomment ces meubles ? - Statistiques

Statistiques générales
  • Ce quiz a été pris 69 fois
  • Le résultat moyen est 30 sur 100
Statistiques - réponses
Par images Hint Réponse % Correct
3 / B Bar
97%
4 / B Banc
95%
6 / C Chaise
92%
7 / A Armoire
89%
5 / T Trône
87%
6 / C Canapé
85%
7 / H Horloge
85%
5 / M Malle
84%
6 / C Coffre
82%
7 / E Etagère
82%
7 / B Berceau
74%
4 / P Pouf
74%
7 / C Commode
71%
8 / T Tabouret
71%
6 / B Buffet
60%
9 / C-L Canapé-lit
60%
13 / L A B Lit à baldaquin
58%
13 / T D B Tabouret de bar
58%
9 / C Coiffeuse
56%
8 / P Paravent
56%
5 / D Divan
53%
12 / B Bibliothèque
52%
16 / F D B Fauteuil de bureau
52%
4 / S Sofa
52%
11 / T D N Table de nuit
52%
10 / L D E Lit d'enfant
50%
16 / F A B Fauteuil à bascule
48%
9 / L D C Lit de camp
48%
7 / V Vitrine
48%
10 / T B Table basse
47%
10 / V Vaisselier
45%
8 / G Guéridon
44%
13 / L M Lit médicalisé
42%
9 / T A T Tête à tête
42%
13 / L S Lit superposés
39%
12 / B D S Bain de soleil
37%
13 / C A J Coffre à jouets
35%
8 / P-D Prie-Dieu
35%
9 / B Banquette
34%
12 / T G Table gigogne
34%
13 / A A G Armoire à glace
32%
7 / C Console
29%
10 / M Méridienne
29%
6 / P Psyché
26%
10 / F C Fauteuil club
23%
12 / C P Chaise percée
21%
7 / C Crapaud
21%
7 / P Placard
21%
8 / C Causeuse
19%
15 / T D T Table de toilette
19%
6 / C Chevet
18%
9 / H A P Huche à pain
18%
7 / B Bergère
16%
13 / L E Lit escamotable
16%
12 / M L Meuble lavabo
16%
9 / S Semainier
15%
10 / B-C Banc-coffre
13%
16 / F V Fauteuil Voltaire
13%
7 / L C Lit clos
13%
12 / T Travailleuse
13%
10 / B Bonnetière
11%
7 / C Colonne
11%
15 / L A L F Lit à la française
11%
17 / T D T Tabouret de traite
11%
8 / B Boudeuse
10%
16 / F A L R Fauteuil à la reine
8%
15 / L A L P Lit à la polonaise
8%
9 / M A P Maie à pain
8%
6 / P Pétrin
8%
8 / S Sellette
8%
11 / C Confiturier
6%
8 / R Récamier
6%
13 / B M Bureau Mazarin
5%
9 / C Cabriolet
5%
8 / C Cathèdre
5%
12 / L A L T Lit à la turque
5%
14 / M D M Meuble de métier
5%
8 / O Ottomane
5%
9 / A Argentier
3%
12 / B D Bureau debout
3%
12 / D M Desserte mobile
3%
8 / E Enfilade
3%
12 / L A C Lit à colonnes
3%
14 / L A L D Lit à la duchesse
3%
19 / S A A Secrétaire à abattant
3%
11 / T V Table violon
3%
14 / T D P Tabouret de pied
3%
13 / B D J Bonheur du jour
2%
5 / B Borne
2%
14 / B C Bureau cylindre
2%
10 / C A S Chaise à sel
2%
8 / D Dressoir
2%
15 / D B Duchesse brisée
2%
11 / F Faudesteuil
2%
16 / L A C S Lit à ciel suspendu
2%
9 / L A L A Lit à l'ange
2%
9 / A Archebanc
0%
13 / C V Chaise voyeuse
0%
16 / FM Fauteuil marquise
0%
9 / P Poudreuse
0%
Aucun quiz correspondant
Distribution des résultats
% des personnes avec chaque résultat
Percentile par nombre de réponses
Votre historique - résultats
Vous n’avez pas pris ce quiz